Đánh giá tình hình sản xuất và tiêu thụ lúa gạo tại huyện Thới Lai Thành phố Cần Thơ : Luận văn Thạc sĩ khoa học chuyên ngành Phát triển Nông thôn

Luận văn đánh giá hiện trạng canh tác và phân tích thị trường lúa gạo của huyện Thới Lai, thành phố Cần Thơ nhằm đề xuất các giải pháp cho canh tác bền vững cây lúa và tăng thu nhập cho nông dân tại Cần Thơ nói chung và huyện Thới Lai nói...

Täydet tiedot

Tallennettuna:
Bibliografiset tiedot
Päätekijä: Đặng, Hòa Thái
Aineistotyyppi: Kirja
Kieli:Undetermined
Julkaistu: Cần Thơ Trường Đại học Cần Thơ 2011
Aiheet:
Tagit: Lisää tagi
Ei tageja, Lisää ensimmäinen tagi!
Thư viện lưu trữ: Trung tâm Học liệu Trường Đại học Cần Thơ
LEADER 01319nam a2200241Ia 4500
001 CTU_170011
008 210402s9999 xx 000 0 und d
082 |a 338.17318 
082 |b Th103 
088 |a 60620116 
100 |a Đặng, Hòa Thái 
245 0 |a Đánh giá tình hình sản xuất và tiêu thụ lúa gạo tại huyện Thới Lai Thành phố Cần Thơ : 
245 0 |b Luận văn Thạc sĩ khoa học chuyên ngành Phát triển Nông thôn 
245 0 |c Đặng Hoà Thái ; Nguyễn Ngọc Đệ ( Hướng dẫn khoa học ) 
260 |a Cần Thơ 
260 |b Trường Đại học Cần Thơ 
260 |c 2011 
520 |a Luận văn đánh giá hiện trạng canh tác và phân tích thị trường lúa gạo của huyện Thới Lai, thành phố Cần Thơ nhằm đề xuất các giải pháp cho canh tác bền vững cây lúa và tăng thu nhập cho nông dân tại Cần Thơ nói chung và huyện Thới Lai nói riêng 
650 |a Gạo,Agriculture,Rice 
650 |x Khía cạnh kinh tế,Economic aspects,Economic aspects 
650 |z Vietnam,Vietnam 
904 |i Lan Anh 
980 |a Trung tâm Học liệu Trường Đại học Cần Thơ